| 000 | 00476nam a22001697a 4500 | ||
|---|---|---|---|
| 003 | SISC | ||
| 005 | 20160224132124.0 | ||
| 008 | 130903t xxu||||| |||| 00| 0 eng d | ||
| 050 |
_aQB 225 _b.P322 1968 |
||
| 082 |
_aHS 795.4 _bPa27 1968 |
||
| 100 |
_aPatton, Temple C. _916295 |
||
| 245 |
_aCard tricks anyone can do / _cPatton, Temple C. |
||
| 260 |
_aNew York : _bCornerstone library, _cc1968. |
||
| 300 |
_a141 p. : _bill. ; _c20 cm. |
||
| 942 |
_2lcc _cBK |
||
| 999 |
_c10241 _d10241 |
||